Nociones de botánica: fanerógamas angiospermas

Zapisane w:
Opis bibliograficzny
Format: Książka
Język:hiszpański
Wydane: Valparaíso Universo 1926
Hasła przedmiotowe:
Etykiety: Dodaj etykietę
Nie ma etykietki, Dołącz pierwszą etykiete!

MARC

LEADER 00000nam a2200000 a 4500
001 UCZ8651
003 CL-VaPUC
008 960125e19260000CL |||||||||||||||||spa|d
082 0 4 |a 372.357  |b NOC  |2 21 
245 1 0 |a Nociones de botánica: fanerógamas angiospermas 
300 |a 120 p 
942 |c BK 
945 |d 19960125 00:00:00  |a cmena 
260 |a Valparaíso  |b Universo  |c 1926 
650 0 |a Botánica  |9 264202 
650 0 |a Educación científica   |9 307484 
583 |a last modification  |c 20170822 01:27:51  |k Rodrigo Vera 
999 |c 244505  |d 244503 
952 |0 0  |1 0  |4 0  |6 372_357000000000000_NOC_1926  |7 0  |8 P  |9 258590  |a BIBEDU  |b BIBEDU  |c BIBEDU_PB  |d 2019-11-19  |i 1619144  |o 372.357 NOC 1926  |p 1619144  |r 2024-01-25  |w 2019-11-19  |y BK  |k EDU